Obama, the media, and framing the U.S. exit from Iraq and Afganistan (Record no. 86391)

MARC details
000 -LEADER
fixed length control field 00663 a2200229 4500
003 - CONTROL NUMBER IDENTIFIER
control field CBULib
005 - DATE AND TIME OF LATEST TRANSACTION
control field 20250912101348.0
008 - FIXED-LENGTH DATA ELEMENTS--GENERAL INFORMATION
fixed length control field 250912b |||||||| |||| 00| 0 eng d
020 ## - INTERNATIONAL STANDARD BOOK NUMBER
International Standard Book Number 9781409429647
040 ## - CATALOGING SOURCE
Language of cataloging English
Transcribing agency CBULib
Description conventions rda
041 ## - LANGUAGE CODE
Language code of text/sound track or separate title eng
050 ## - LIBRARY OF CONGRESS CALL NUMBER
Classification number DS 79.767 Kin
100 ## - MAIN ENTRY--PERSONAL NAME
Personal name King, Erika G.
245 ## - TITLE STATEMENT
Title Obama, the media, and framing the U.S. exit from Iraq and Afganistan
Statement of responsibility, etc /by Erika G. King
260 ## - PUBLICATION, DISTRIBUTION, ETC. (IMPRINT)
Name of publisher, distributor, etc Ashgate,
Date of publication, distribution, etc 2014
Place of publication, distribution, etc Surrey :
300 ## - PHYSICAL DESCRIPTION
Extent vii, 226 pages
336 ## - CONTENT TYPE
Source rdacontent
Content type term Text |
Content type code txt
337 ## - MEDIA TYPE
Source rdamedia
Media type term Unmediated |
Media type code n
338 ## - CARRIER TYPE
Source rdacarrier
Carrier type term Volume
Carrier type code nc
650 #0 - SUBJECT ADDED ENTRY--TOPICAL TERM
9 (RLIN) 4855
Topical term following geographic name as entry element OBAMA, BARACK
942 ## - ADDED ENTRY ELEMENTS (KOHA)
Source of classification or shelving scheme
Koha item type MONOGRAPH
Holdings
Withdrawn status Lost status Source of classification or shelving scheme Damaged status Not for loan Collection code Permanent Location Current Location Shelving location Date acquired Source of acquisition Cost, normal purchase price Total Checkouts Full call number Barcode Date last seen Copy number Price effective from Koha item type
          CBU-Lusaka Campus CBU- LUSAKA CAMPUS CBU- LUSAKA CAMPUS General Stacks 01/08/2026 BOOK AID INTERNATIONAL 63.00   DS 79.767 Kin 753875 01/08/2026 3 11/19/2025 MONOGRAPH
          CBU-Lusaka Campus CBU- LUSAKA CAMPUS CBU- LUSAKA CAMPUS General Stacks 01/08/2026 BOOK AID INTERNATIONAL 63.00   DS 79.767 Kin 753876 01/08/2026 4 11/19/2025 MONOGRAPH
          Main Library Open Access Collection CBU-MAIN LIBRARY, KITWE. CBU-MAIN LIBRARY, KITWE. General Stacks 09/12/2025 DON-BOOKAID 63.00   DS 79.767 Kin 753710 09/12/2025 1 09/12/2025 MONOGRAPH
          Main Library Open Access Collection CBU-MAIN LIBRARY, KITWE. CBU-MAIN LIBRARY, KITWE. General Stacks 09/12/2025 DON-BOOKAID 63.00   DS 79.767 Kin 753709 09/12/2025 2 09/12/2025 MONOGRAPH
          Michael Chilufya Sata Collection CBU-MICHAEL CHILUFYA SATA LIBRARY CBU-MICHAEL CHILUFYA SATA LIBRARY General Stacks 02/10/2026 Book aid International 63.00   DS 79.767 Kin 934247 02/10/2026 5 02/10/2026 MONOGRAPH
          Medical Library Collection CBU-SCHOOL OF MEDICINE LIBRARY, NDOLA. CBU-SCHOOL OF MEDICINE LIBRARY, NDOLA. General Stacks 02/10/2026 Book aid International 63.00   DS 79.767 Kin 934248 02/10/2026 6 02/10/2026 MONOGRAPH